El Alcázar de Sevilla (Record no. 132485)

MARC details
000 -LEADER
campo de control de longitud fija 00883nam a2200241 i 4500
001 - NÚMERO DE CONTROL
campo de control 132485
003 - IDENTIFICADOR DE NÚMERO DE CONTROL
campo de control ES-MaACL
005 - FECHA Y HORA DE LA ÚLTIMA TRANSACCIÓN
campo de control 20250911063552.0
007 - CAMPO FIJO DE DESCRIPCIÓN FÍSICA--INFORMACIÓN GENERAL
campo de control de longitud fija t|
008 - DATOS DE LONGITUD FIJA--INFORMACIÓN GENERAL
campo de control de longitud fija 070214s1977 sp r ||||1| spa d
100 1# - ENTRADA PRINCIPAL--NOMBRE DE PERSONA
Nombre de persona Romero Murube, Joaquín,
Fechas asociadas al nombre 1904-1969
9 (RLIN) 99419
245 13 - MENCIÓN DEL TÍTULO
Título El Alcázar de Sevilla
Resto del título : guía turística /
Mención de responsabilidad, etc. comentarios y notas de Joaquín Romero y Murube.
250 ## - MENCION DE EDICION
Mención de edición 6ª ed.
260 ## - PUBLICACIÓN, DISTRIBUCIÓN, ETC.
Lugar de publicación, distribución, etc. Madrid :
Nombre del editor, distribuidor, etc. Patrimonio Nacional,
Fecha de publicación, distribución, etc. 1977.
300 ## - DESCRIPCIÓN FÍSICA
Extensión 131 p., 31 lám. :
Otras características físicas il. = retr. aut. ;
Dimensiones 17 cm.
490 1# - MENCIÓN DE SERIE
Mención de serie Guías turísticas Patrimonio Nacional
610 24 - PUNTO DE ACCESO ADICIONAL DE MATERIA--NOMBRE DE ENTIDAD CORPORATIVA
Nombre de entidad corporativa o nombre de jurisdicción como elemento de entrada Alcázar de Sevilla.
9 (RLIN) 1324
651 #4 - PUNTO DE ACCESO ADICIONAL DE MATERIA--NOMBRE GEOGRÁFICO
Nombre geográfico Sevilla-
Subdivisión general Edificios, estructuras, etc.-
Subdivisión de forma Historia.
9 (RLIN) 154197
710 2# - ENTRADA AGREGADA--NOMBRE DE ENTIDAD CORPORATIVA
Nombre de entidad corporativa o nombre de jurisdicción como elemento de entrada Patrimonio Nacional (España)
9 (RLIN) 6165
830 0# - PUNTO DE ACCESO ADICIONAL DE SERIE-TÍTULO UNIFORME
Título uniforme Guías turísticas Patrimonio Nacional
9 (RLIN) 184323
852 ## - LOCALIZACIÓN
Ubicación ES-MaACL
Número de control de estantería L-5540
Sublocalización o colección R.106007
Holdings
Estatus retirado Estado de pérdida Estado de daño No para préstamo Biblioteca de origen Biblioteca actual Ubicación en estantería Fecha de adquisición Fuente de adquisición Total de préstamos Signatura topográfica completa Código de barras Visto por última vez Precio de reemplazo Tipo de ítem Koha
        Biblioteca del Ateneo de Madrid Biblioteca del Ateneo de Madrid Depósito 2 17/01/2008     L-5540 1137931 23/02/2023 23/02/2023 Libro impreso